Munkavédelmi ankétot tartottak a Szegedi Kenderfonógyárban

Elmentve itt :
Bibliográfiai részletek
Dokumentumtípus: Cikk
Megjelent: 1955-07-02
Sorozat:Délmagyarország
Kulcsszavak:Szegedi Kenderfonógyár munkavédelem 1955
Online Access:http://dmarchiv.bibl.u-szeged.hu/52838
LEADER 00449nab a2200145 i 4500
001 delm52838
005 20180927141931.0
008 180927s1955 hu o 0|| hun d
040 |a SZTE Délmagyarország Archívum  |b hun 
041 |a hun 
245 0 0 |a Munkavédelmi ankétot tartottak a Szegedi Kenderfonógyárban  |h [elektronikus dokumentum] 
260 |c 1955-07-02 
300 |a 1 
490 0 |a Délmagyarország 
695 |a Szegedi Kenderfonógyár munkavédelem 1955